000 00709cam a22002413a 4500
001 24328
003 PGUSA
005 20140828083523.0
008 080116s2008||||xxu|||||s|||||000 | eng d
040 _aPGUSA
_beng
042 _adc
050 4 _aB
100 1 _aCole, Lawrence Thomas,
_d1869-
245 1 4 _aThe Basis of Early Christian Theism
_h[electronic resource] /
_cLawrence Thomas Cole
260 _bProject Gutenberg,
_c2008
506 _aPublic domain in the USA.
516 _aElectronic text
653 _aChurch history -- Primitive and early church, ca. 30-600
653 _aTheism
830 0 _aProject Gutenberg
_v24328
856 4 0 _uhttp://www.gutenberg.org/ebooks/24328
942 _cEB
999 _c253583
_d253583